| 000 | 00458 a2200157 4500 | ||
|---|---|---|---|
| 999 |
_c12963 _d12963 |
||
| 003 | OSt | ||
| 005 | 20240724130054.0 | ||
| 008 | 240724b ||||| |||| 00| 0 eng d | ||
| 020 | _a 978-1782216469 | ||
| 082 | _a738 | ||
| 100 | _a Peter Cosentino | ||
| 245 | _aThe Encyclopedia of Pottery Techniques: A unique visual directory of pottery techniques, with guidance on how to use them | ||
| 260 |
_b Search Press _c2018 |
||
| 300 | _a175p; | ||
| 942 | _2ddc | ||